000 00980nam a2200229Ia 4500
001 9871
003 GE_BSU
008 181216s||||||||xx |||||||||||||| ||und||
020 _a9992879785
040 _cGE_BSU
080 _a821.353.1.09
100 _aნიკოლეიშვილი,ავთანდილ
245 _aმეოცე საუკუნის ქართული ლიტერატურის ისტორიის ნარკვევები.წ.5
245 _cრედ. ელგუჯა ხინთიბიძე
260 _aქუთაისი
260 _bქუთაისის უნ–ტის გამ–ბა
260 _c2005
300 _a394გვ.20სმ.
520 _aრეზიუმე ინგლ. ენაზე
653 _aმეოცე საუკუნის ქართული ლიტერატურის ისტორიის ნარკვევები
942 _cBK
999 _c43150
_d43150